Patient care in imaging technology / (Record no. 278905)
[ view plain ]
| 000 -LEADER | |
|---|---|
| fixed length control field | 02440cam a22004334a 4500 |
| 001 - CONTROL NUMBER | |
| control field | 15360698 |
| 005 - DATE AND TIME OF LATEST TRANSACTION | |
| control field | 20150128100710.0 |
| 007 - PHYSICAL DESCRIPTION FIXED FIELD--GENERAL INFORMATION | |
| fixed length control field | co |g||||||||| |
| 008 - FIXED-LENGTH DATA ELEMENTS--GENERAL INFORMATION | |
| fixed length control field | 080709s2010 pau b 001 0 eng |
| 010 ## - LIBRARY OF CONGRESS CONTROL NUMBER | |
| LC control number | 2008030349 |
| 016 7# - NATIONAL BIBLIOGRAPHIC AGENCY CONTROL NUMBER | |
| Record control number | 101478419 |
| Source | DNLM |
| 020 ## - INTERNATIONAL STANDARD BOOK NUMBER | |
| International Standard Book Number | 9780781771832 (alk. paper) |
| 020 ## - INTERNATIONAL STANDARD BOOK NUMBER | |
| International Standard Book Number | 0781771838 (alk. paper) |
| 035 ## - SYSTEM CONTROL NUMBER | |
| System control number | (OCoLC)ocn233678663 |
| 040 ## - CATALOGING SOURCE | |
| Original cataloging agency | DNLM/DLC |
| Transcribing agency | DLC |
| Modifying agency | NLM |
| -- | BTCTA |
| -- | BAKER |
| -- | YDXCP |
| -- | YDX |
| -- | CDX |
| -- | C#P |
| -- | DLC |
| 042 ## - AUTHENTICATION CODE | |
| Authentication code | pcc |
| 050 00 - LIBRARY OF CONGRESS CALL NUMBER | |
| Classification number | RC 78 |
| Item number | .T67 2010 |
| 082 00 - DEWEY DECIMAL CLASSIFICATION NUMBER | |
| Classification number | 616.07/57 |
| 100 1# - MAIN ENTRY--PERSONAL NAME | |
| Personal name | Torres, Lillian S. |
| 245 10 - TITLE STATEMENT | |
| Title | Patient care in imaging technology / |
| Statement of responsibility, etc | Lillian S. Torres, Andrea Guillen Dutton, TerriAnn Linn-Watson. |
| 250 ## - EDITION STATEMENT | |
| Edition statement | 7th ed. |
| 260 ## - PUBLICATION, DISTRIBUTION, ETC. (IMPRINT) | |
| Place of publication, distribution, etc | Philadelphia : |
| Name of publisher, distributor, etc | Wolters Kluwer Health/Lippincott Williams & Wilkins, |
| Date of publication, distribution, etc | c2010. |
| 300 ## - PHYSICAL DESCRIPTION | |
| Extent | xxi, 324 pa : |
| Other physical details | illustrations (some color) ; |
| Dimensions | 28 cm. + |
| Accompanying material | 1 CD-ROM (4 3/4 in.) |
| 500 ## - GENERAL NOTE | |
| General note | Rev. ed. of: Basic medical techniques and patient care in imaging technology / Lillian S. Torres, TerriAnn Linn-Watson Norcutt, Andrea Guillen Dutton. 6th ed., c2003. |
| 504 ## - BIBLIOGRAPHY, ETC. NOTE | |
| Bibliography, etc | Includes bibliographical references (p. 313-315) and index. |
| 505 0# - FORMATTED CONTENTS NOTE | |
| Formatted contents note | Professional issues in imaging -- Patient assessment and communication in imaging -- Patient care and safety -- Infection control -- Surgical asepsis and the radiographer -- Vital signs and oxygen administration -- Basic electrocardiogram monitoring -- Medical emergencies -- Trauma and mobile radiographic considerations -- Pediatric radiographic considerations -- Geriatric radiographic considerations -- Patient care during urologic radiographic procedures -- Patient care during gastrointestinal radiographic procedures -- Caring for patients needing alternative medical treatments -- Pharmacology for the radiographer -- Care of patients during special procedures. |
| 521 ## - TARGET AUDIENCE NOTE | |
| Target audience note | Radiologist |
| 650 #0 - SUBJECT ADDED ENTRY--TOPICAL TERM | |
| Topical term or geographic name as entry element | Medical radiology. |
| 650 #0 - SUBJECT ADDED ENTRY--TOPICAL TERM | |
| Topical term or geographic name as entry element | Radiologic technologists. |
| 650 #0 - SUBJECT ADDED ENTRY--TOPICAL TERM | |
| Topical term or geographic name as entry element | Nursing. |
| 650 12 - SUBJECT ADDED ENTRY--TOPICAL TERM | |
| Topical term or geographic name as entry element | Technology, Radiologic |
| General subdivision | methods. |
| 650 22 - SUBJECT ADDED ENTRY--TOPICAL TERM | |
| Topical term or geographic name as entry element | Patient Care |
| General subdivision | methods. |
| 700 1# - ADDED ENTRY--PERSONAL NAME | |
| Personal name | Dutton, Andrea Guillen. |
| 700 1# - ADDED ENTRY--PERSONAL NAME | |
| Personal name | Linn-Watson, TerriAnn. |
| 700 1# - ADDED ENTRY--PERSONAL NAME | |
| Personal name | Torres, Lillian S. |
| Title of a work | Basic medical techniques and patient care in imaging technology. |
| 906 ## - LOCAL DATA ELEMENT F, LDF (RLIN) | |
| a | 7 |
| b | cbc |
| c | orignew |
| d | 1 |
| e | ecip |
| f | 20 |
| g | y-gencatlg |
| 942 ## - ADDED ENTRY ELEMENTS (KOHA) | |
| Source of classification or shelving scheme | Library of Congress Classification |
| Koha item type | Books |
| Withdrawn status | Lost status | Source of classification or shelving scheme | Damaged status | Home library | Current library | Shelving location | Date acquired | Source of acquisition | Cost, normal purchase price | Sub Shelving location | Total Checkouts | Total Renewals | Full call number | Barcode | Date last seen | Date checked out | Price effective from | Koha item type |
|---|---|---|---|---|---|---|---|---|---|---|---|---|---|---|---|---|---|---|
| Library of Congress Classification | South SEED-LPDH College Library | South SEED-LPDH College Library | South SEED-LPDH College Section | 01/28/2015 | Library Fund | 4628.00 | 2 | 2 | RC 78 .T67 2010 | SSLC1375 | 05/15/2018 | 07/03/2017 | 01/28/2015 | Books |